<?xml version="1.0" encoding="UTF-8"?>
<marc:record xmlns:marc="http://www.loc.gov/MARC21/slim">
   <marc:leader>00000nam a2200000 a 4500</marc:leader>
   <marc:datafield ind1="1" ind2=" " tag="100">
      <marc:subfield code="a">Langreuter, Jutta</marc:subfield>
      <marc:subfield code="4">aut</marc:subfield>
      <marc:subfield code="e">Verfasser/-in</marc:subfield>
   </marc:datafield>
   <marc:datafield ind1=" " ind2=" " tag="653">
      <marc:subfield code="a">Tonie</marc:subfield>
   </marc:datafield>
   <marc:datafield ind1="0" ind2="0" tag="245">
      <marc:subfield code="a">Käpt´n Sharky und das Geheimnis der Schatzinsel</marc:subfield>
   </marc:datafield>
   <marc:datafield ind1="0" ind2="0" tag="245">
      <marc:subfield code="b">; Hörbuch</marc:subfield>
   </marc:datafield>
   <marc:datafield ind1=" " ind2="1" tag="264">
      <marc:subfield code="b">Coppenrath Verlag</marc:subfield>
      <marc:subfield code="c">2007</marc:subfield>
   </marc:datafield>
   <marc:datafield ind1="1" ind2=" " tag="520">
      <marc:subfield code="a">Käpt'n Sharky Hörspiel - Als KäptÆn Sharky, der Schrecken der Meere, Michis Boot entert und den Jungen mit auf sein Piratenschiff nimmt, ist Michi begeistert, "Endlich passiert mal was!" Geheimnis der Schatzinsel - Gemeinsam entdecken sie in einer Flaschenpost eine alte Schatzkarte und begeben sich auf Schatzsuche, doch was sie finden, ist viel spannender als jeder Piratenschatz.</marc:subfield>
   </marc:datafield>
</marc:record>
